| 000 | 02082cam a2200337 i 4500 | ||
|---|---|---|---|
| 003 | SA-RiAUC | ||
| 005 | 20250531150103.0 | ||
| 008 | 250528s1992 ly g f000 0 ara c | ||
| 040 |
_aSA-RiAUC _bara _cSA-RiAUC _erda |
||
| 082 | 0 | 4 |
_a224 _qSA-RiAUC |
| 090 |
_a224 _bس هـ ي |
||
| 100 | 1 |
_aالسهيلي، عبد الرحمن بن عبد الله بن أحمد، _d508-581 هجري _eمؤلف. |
|
| 245 | 1 | 0 |
_aكتاب التعريف والإعلام فيما أبهم في القرآن من الأسماء الأعلام / _cعبد الرحمن السهيلي ؛ دراسة وتحقيق عبد الله محمد علي النقراط. |
| 246 | 3 | 0 | _aالتعريف والإعلام فيما أبهم في القرآن من الأسماء الأعلام |
| 250 | _aالطبعة الأولى. | ||
| 264 | 1 |
_aطرابلس، ليبيا : _bجامعة طرابلس، كلية الدعوة الإسلامية، لجنة الحفاظ على التراث الإسلامي، _c1992 |
|
| 300 |
_a462 صفحة ؛ _c24 سم. |
||
| 336 |
_aنص _btxt _2rdacontent _3كتاب |
||
| 337 |
_aبدون وسيط _bn _2rdamedia |
||
| 338 |
_aمجلد _bnc _2rdacarrier |
||
| 490 | 1 |
_aالسلسلة التراثية / كلية الدعوة الإسلامية (طرابلس، ليبيا) ؛ _v10 |
|
| 630 | 2 | 7 |
_aالقرآن _xغريب _2aucut |
| 630 | 2 | 7 |
_aالقرآن _xألفاظ _2aucut |
| 650 | 7 |
_aالأسماء والكنى والألقاب والأنساب _2aucsh |
|
| 650 | 7 |
_aالأسماء والكنى والألقاب والأنساب في القرآن _2aucsh |
|
| 700 | 1 |
_aالنقراط، عبد الله محمد علي _eمحقق. |
|
| 700 | 1 | 2 |
_iتحقيق لـ : _aالسهيلي، عبد الرحمن بن عبد الله بن أحمد، _d508-581 هجري. _tالتعريف والإعلام لما أبهم في القرآن من الأسماء والأعلام. |
| 830 | 2 |
_aالسلسلة التراثية (كلية الدعوة الإسلامية. لجنة الحفاظ على التراث) _v10 |
|
| 942 |
_2ddc _cBOOK _n0 |
||
| 949 |
_aSA-JeALM _d250528 _umohamedma123 _n1 |
||
| 999 |
_c8552 _d8552 |
||